[Event "7. Torneo de Promoción de Almansa 2012"]
[Site "Almansa ESP"]
[Date "2012.08.08"]
[Round "2.8"]
[White "Navarrete Espi, Samuel"]
[Black "Sacristan Latorre, Alberto"]
[Result "0-1"]
[WhiteElo "2176"]
[BlackElo "2011"]
[PlyCount "142"]
[EventDate "2012.08.07"]
[EventType "swiss"]
[EventRounds "9"]
[EventCountry "ESP"]
[Source "lmi"]
[SourceDate "2012.08.07"]

1. e4 c5 2. Nf3 d6 3. d4 cxd4 4. Nxd4 Nf6 5. Nc3 a6 6. Be3 e5 7. Nb3 Be6 8. f3
Nbd7 9. Qd2 b5 10. g4 Nb6 11. g5 Nh5 12. Nd5 Nxd5 13. exd5 Bf5 14. Na5 Qc7 15.
Nc6 Bd7 16. Bd3 f5 17. f4 Bxc6 18. dxc6 Qxc6 19. O-O-O g6 20. Be2 Ng7 21. h4
Be7 22. h5 Kf7 23. Rh3 Ne6 24. Rdh1 Rhg8 25. hxg6+ hxg6 26. Rh7+ Rg7 27. Bd3
Qd5 28. Qh2 Rag8 29. Kb1 Qf3 30. Rh3 Qd5 31. Rd1 e4 32. Be2 Qc6 33. Rh6 d5 34.
Qh3 Bc5 35. c3 Bxe3 36. Qxe3 Ra8 37. Rd2 Qd6 38. Rh4 Ke7 39. Bd1 Qc5 40. Qh3 a5
41. Rh8 Qc6 42. Rxa8 Qxa8 43. Bb3 Nc7 44. Qe3 a4 45. Qd4 Rf7 46. Qe5+ Ne6 47.
Rxd5 Qc6 48. Bd1 Qc7 49. Rxb5 Qxe5 50. Rxe5 Kd6 51. Bxa4 Nxf4 52. Re8 Nh3 53.
Ra8 Ke5 54. Be8 Rg7 55. Kc2 Kf4 56. b4 Nxg5 57. Ra6 Re7 58. Bb5 e3 59. Be2 Ne4
60. b5 Ng3 61. Ra4+ Kg5 62. Kd3 Nxe2 63. Kxe2 f4 64. b6 f3+ 65. Kxf3 e2 66.
Rg4+ Kf5 67. Rf4+ Kg5 68. Rg4+ Kf6 69. b7 e1=Q 70. b8=Q Qf1+ 71. Kg3 Re3+ 0-1

[Event "7. Torneo de Promoción de Almansa 2012"]
[Site "Almansa ESP"]
[Date "2012.08.08"]
[Round "2.9"]
[White "Nieves Cabanes, Javier"]
[Black "Sabater Sanchez, Asensio"]
[Result "1-0"]
[WhiteElo "2016"]
[BlackElo "2170"]
[PlyCount "71"]
[EventDate "2012.08.07"]
[EventType "swiss"]
[EventRounds "9"]
[EventCountry "ESP"]
[Source "lmi"]
[SourceDate "2012.08.07"]

1. d4 Nf6 2. c4 e6 3. Nc3 Bb4 4. e3 b6 5. Bd3 Bb7 6. f3 c5 7. Nge2 Nc6 8. O-O
O-O 9. d5 Ne5 10. e4 Bxc3 11. Nxc3 d6 12. f4 Nxd3 13. Qxd3 exd5 14. exd5 Re8
15. f5 h6 16. h3 Ba6 17. Bf4 Qe7 18. b3 Rad8 19. g4 Nd7 20. Qg3 Ne5 21. Rae1 f6
22. a4 Bc8 23. Ne4 Rf8 24. Rf2 Rde8 25. Rg2 Rf7 26. Ree2 Qd8 27. h4 Ref8 28.
Ref2 h5 29. Bxe5 fxe5 30. Ng5 Rf6 31. gxh5 Qe7 32. Ne6 Bxe6 33. fxe6 Kh7 34.
Qg5 Qc7 35. Rxf6 Rxf6 36. h6 1-0

[Event "7. Torneo de Promoción de Almansa 2012"]
[Site "Almansa ESP"]
[Date "2012.08.08"]
[Round "2.10"]
[White "Piriz Fernandez, Daniel"]
[Black "Sos Andreu, Eric"]
[Result "1/2-1/2"]
[WhiteElo "1971"]
[BlackElo "2165"]
[PlyCount "63"]
[EventDate "2012.08.07"]
[EventType "swiss"]
[EventRounds "9"]
[EventCountry "ESP"]
[Source "lmi"]
[SourceDate "2012.08.07"]

1. d4 Nf6 2. c4 g6 3. Nc3 d5 4. Qa4+ c6 5. cxd5 Nxd5 6. e4 Nxc3 7. bxc3 Bg7 8.
Be3 O-O 9. Nf3 b6 10. Be2 Bb7 11. O-O Nd7 12. Rad1 Qc7 13. h3 c5 14. e5 Bd5 15.
Bc4 Bc6 16. Qb3 b5 17. Be2 c4 18. Qa3 Nb6 19. Nd2 Nd5 20. Bf3 Qb7 21. Rb1 Qd7
22. Ne4 Rfb8 23. Nc5 Qc8 24. Bg4 e6 25. Bf3 Bf8 26. Bxd5 Bxd5 27. Qc1 a5 28. a3
Rb6 29. Bh6 Qc6 30. Bxf8 Rxf8 31. Qg5 Rfb8 32. f3 1/2-1/2

[Event "7. Torneo de Promoción de Almansa 2012"]
[Site "Almansa ESP"]
[Date "2012.08.08"]
[Round "2.11"]
[White "Kovacevic, Slobodan"]
[Black "Gonzalez Laso, Adrian"]
[Result "1-0"]
[WhiteElo "2300"]
[BlackElo "2078"]
[PlyCount "59"]
[EventDate "2012.08.07"]
[EventType "swiss"]
[EventRounds "9"]
[EventCountry "ESP"]
[Source "lmi"]
[SourceDate "2012.08.07"]

1. d4 Nf6 2. Nf3 c5 3. d5 d6 4. Nc3 g6 5. e4 Bg7 6. Be2 O-O 7. O-O Na6 8. Bf4
Nc7 9. a4 Bg4 10. Qd2 a6 11. h3 Bxf3 12. Bxf3 Nd7 13. Be2 b6 14. Bh6 Rb8 15.
Bxg7 Kxg7 16. Rfe1 b5 17. axb5 axb5 18. b4 Kg8 19. Rab1 c4 20. f4 Ra8 21. Bf3
Qb8 22. Kh1 Qb6 23. Rbd1 Ra3 24. Ne2 Rfa8 25. Nd4 R8a4 26. Nc6 Kf8 27. e5 c3
28. Qe2 dxe5 29. fxe5 Ne8 30. e6 1-0

[Event "7. Torneo de Promoción de Almansa 2012"]
[Site "Almansa ESP"]
[Date "2012.08.08"]
[Round "2.12"]
[White "Cabero Valero, Gumersindo"]
[Black "Jimenez Martinez, Jose Vicente"]
[Result "0-1"]
[WhiteElo "2103"]
[BlackElo "2285"]
[PlyCount "82"]
[EventDate "2012.08.07"]
[EventType "swiss"]
[EventRounds "9"]
[EventCountry "ESP"]
[Source "lmi"]
[SourceDate "2012.08.07"]

1. d4 g6 2. c4 Bg7 3. Nc3 d6 4. e4 Nf6 5. Be2 O-O 6. Nf3 e5 7. d5 a5 8. Bg5 Qe8
9. Nd2 Na6 10. a3 Bd7 11. b3 h6 12. Bh4 Nxe4 13. Ndxe4 f5 14. f3 fxe4 15. Nxe4
Bf5 16. Bd3 Nc5 17. Bf2 Bxe4 18. Bxe4 Nxe4 19. fxe4 h5 20. O-O Bh6 21. Qd3 Qe7
22. Be3 Kg7 23. Bxh6+ Kxh6 24. Qd2+ Qg5 25. Qxg5+ Kxg5 26. g3 h4 27. Kg2 Kg4
28. h3+ Kg5 29. Rad1 hxg3 30. Kxg3 Rf4 31. Rxf4 exf4+ 32. Kf3 Rh8 33. Rg1+ Kf6
34. Kg4 g5 35. Rh1 Rh4+ 36. Kf3 Ke5 37. Kg2 Rh7 38. Kf3 Kd4 39. Kg4 Kxe4 40.
Re1+ Kd3 41. Kxg5 f3 0-1

[Event "7. Torneo de Promoción de Almansa 2012"]
[Site "Almansa ESP"]
[Date "2012.08.08"]
[Round "2.13"]
[White "Grigoriev, Ivan"]
[Black "Pena Riasco, Alexander"]
[Result "0-1"]
[WhiteElo "2129"]
[BlackElo "2237"]
[PlyCount "59"]
[EventDate "2012.08.07"]
[EventType "swiss"]
[EventRounds "9"]
[EventCountry "ESP"]
[Source "lmi"]
[SourceDate "2012.08.07"]

1. g3 d5 2. c4 dxc4 3. Bg2 c6 4. Na3 g6 5. Nxc4 Bg7 6. Nf3 Nf6 7. O-O O-O 8.
Qc2 Nbd7 9. d4 Nb6 10. Ncd2 Qd5 11. Re1 Qh5 12. Nb3 Bf5 13. e4 Bh3 14. Qc5 Qxc5
15. Nxc5 Bc8 16. b3 Nfd7 17. Nd3 c5 18. Ba3 cxd4 19. Bxe7 Re8 20. Bd6 Nf8 21.
e5 Ne6 22. Nc5 Nxc5 23. Bxc5 d3 24. Rad1 Bf5 25. Nd4 Bg4 26. f3 d2 27. Rxd2
Bxe5 28. Rxe5 Rxe5 29. Bxb6 axb6 30. fxg4 0-1

[Event "7. Torneo de Promoción de Almansa 2012"]
[Site "Almansa ESP"]
[Date "2012.08.08"]
[Round "2.14"]
[White "Rioboo De Larriva, Alvaro"]
[Black "Lara Granero, Bio"]
[Result "0-1"]
[WhiteElo "2236"]
[BlackElo "2045"]
[PlyCount "88"]
[EventDate "2012.08.07"]
[EventType "swiss"]
[EventRounds "9"]
[EventCountry "ESP"]
[Source "lmi"]
[SourceDate "2012.08.07"]

1. e4 c5 2. c3 Nf6 3. e5 Nd5 4. d4 e6 5. Bc4 d6 6. Nf3 cxd4 7. cxd4 Nc6 8. O-O
Be7 9. Qe2 O-O 10. a3 a6 11. Nbd2 b5 12. Ba2 Bb7 13. exd6 Bxd6 14. Ne4 Rc8 15.
Bg5 Qc7 16. Rfe1 Bf4 17. Qd3 h6 18. Bxd5 exd5 19. Bxf4 Qxf4 20. Nc5 Nxd4 21.
Nxb7 Nc2 22. Rad1 Nxe1 23. Nxe1 Rc1 24. b4 Re8 25. Nf3 d4 26. Nc5 Rc3 27. Qb1
Re2 28. Nd3 Qe4 29. Nfe1 Rxa3 30. h3 Qf5 31. Kh1 g5 32. Rc1 Rc3 33. Rxc3 dxc3
34. Qb3 Qc8 35. Qd1 Rd2 36. Qc1 Qc4 37. Ne5 Qxb4 38. N1f3 Qb2 39. Qf1 Rxf2 40.
Qd3 c2 41. Qd8+ Kg7 42. Nd3 c1=Q+ 43. Nxc1 Qxc1+ 44. Kh2 Qb2 0-1

[Event "7. Torneo de Promoción de Almansa 2012"]
[Site "Almansa ESP"]
[Date "2012.08.08"]
[Round "2.15"]
[White "Garcia Gata, Jorge D"]
[Black "Serna Lara, Sergio"]
[Result "0-1"]
[WhiteElo "2079"]
[BlackElo "2234"]
[PlyCount "56"]
[EventDate "2012.08.07"]
[EventType "swiss"]
[EventRounds "9"]
[EventCountry "ESP"]
[Source "lmi"]
[SourceDate "2012.08.07"]

1. d4 d6 2. c4 e5 3. Nc3 Nd7 4. Nf3 Ngf6 5. e4 c6 6. Be2 Be7 7. O-O Qc7 8. Rb1
O-O 9. b4 Re8 10. Bb2 Bf8 11. b5 exd4 12. Nxd4 Nc5 13. Bf3 Nfd7 14. bxc6 bxc6
15. Nxc6 Bb7 16. Nd4 Nb6 17. Nd5 Bxd5 18. cxd5 Nxe4 19. Bxe4 Rxe4 20. Qf3 Rae8
21. Ne6 Qc4 22. Nxf8 Rxf8 23. Rfc1 Qe2 24. Qg3 Rg4 25. Qxd6 Nc4 26. Rxc4 Qxc4
27. Ba3 Re8 28. Rc1 Qxc1+ 0-1

[Event "7. Torneo de Promoción de Almansa 2012"]
[Site "Almansa ESP"]
[Date "2012.08.08"]
[Round "3.1"]
[White "Nicolas Zapata, Javier"]
[Black "Montoliu Cervero, Francisco"]
[Result "1/2-1/2"]
[WhiteElo "2043"]
[BlackElo "2270"]
[PlyCount "49"]
[EventDate "2012.08.07"]
[EventType "swiss"]
[EventRounds "9"]
[EventCountry "ESP"]
[Source "lmi"]
[SourceDate "2012.08.07"]

1. e4 c5 2. Nf3 d6 3. d4 cxd4 4. Nxd4 Nf6 5. Nc3 g6 6. Be3 Bg7 7. f3 Nc6 8. Qd2
O-O 9. O-O-O d5 10. Kb1 Nxd4 11. e5 Nf5 12. exf6 exf6 13. Nxd5 Be6 14. Bc5 Bxd5
15. Qxd5 Qxd5 16. Rxd5 Rfd8 17. Bc4 b6 18. Rhd1 Rdc8 19. g4 Nh4 20. Ba3 Nxf3
21. Ba6 Re8 22. Bb5 Rec8 23. Ba6 Re8 24. Bb5 Rec8 25. Ba6 1/2-1/2

[Event "7. Torneo de Promoción de Almansa 2012"]
[Site "Almansa ESP"]
[Date "2012.08.08"]
[Round "3.2"]
[White "Sacristan Latorre, Alberto"]
[Black "Diaz Velandia, Jose Manuel"]
[Result "1/2-1/2"]
[WhiteElo "2011"]
[BlackElo "2251"]
[PlyCount "46"]
[EventDate "2012.08.07"]
[EventType "swiss"]
[EventRounds "9"]
[EventCountry "ESP"]
[Source "lmi"]
[SourceDate "2012.08.07"]

1. e4 c6 2. d4 d5 3. Nc3 dxe4 4. Nxe4 Bf5 5. Ng3 Bg6 6. h4 h6 7. h5 Bh7 8. Nf3
Nd7 9. Bd3 Bxd3 10. Qxd3 e6 11. Bd2 Qc7 12. O-O-O O-O-O 13. Kb1 Ngf6 14. Ne4
Nxe4 15. Qxe4 Nf6 16. Qe2 Rd5 17. c4 Rxh5 18. Rhe1 g5 19. Ne5 Bg7 20. f4 gxf4
21. Bxf4 Rf5 22. Qd2 Rg8 23. Bxh6 Bxh6 1/2-1/2

[Event "7. Torneo de Promoción de Almansa 2012"]
[Site "Almansa ESP"]
[Date "2012.08.08"]
[Round "3.3"]
[White "Montalban Galvez, Antoni"]
[Black "Mingarro Carceller, Sergi"]
[Result "1-0"]
[WhiteElo "2204"]
[BlackElo "2158"]
[PlyCount "69"]
[EventDate "2012.08.07"]
[EventType "swiss"]
[EventRounds "9"]
[EventCountry "ESP"]
[Source "lmi"]
[SourceDate "2012.08.07"]

1. Nf3 Nf6 2. c4 e6 3. g3 d5 4. Bg2 dxc4 5. a4 c5 6. Na3 Nc6 7. Nxc4 Be7 8. O-O
O-O 9. b3 e5 10. Bb2 e4 11. Nfe5 Nb4 12. d3 Bf5 13. g4 Nxg4 14. dxe4 Be6 15.
Rc1 Rc8 16. Nd3 Qc7 17. e5 Rfd8 18. Re1 Bg5 19. Nd6 Bxc1 20. Qxc1 Nxd3 21. exd3
Rxd6 22. exd6 Qxd6 23. h3 Nh6 24. Bxg7 Kxg7 25. Qg5+ Kh8 26. Qf6+ Kg8 27. Qxh6
Qf8 28. Qf4 Qe7 29. Re3 Kf8 30. Qh6+ Ke8 31. Qxh7 Kd7 32. Qe4 Rc7 33. f4 Kd8
34. Qe5 Qd7 35. f5 1-0

[Event "7. Torneo de Promoción de Almansa 2012"]
[Site "Almansa ESP"]
[Date "2012.08.08"]
[Round "3.4"]
[White "Jimenez Martinez, Jose Vicente"]
[Black "Nieves Cabanes, Javier"]
[Result "1-0"]
[WhiteElo "2285"]
[BlackElo "2016"]
[PlyCount "75"]
[EventDate "2012.08.07"]
[EventType "swiss"]
[EventRounds "9"]
[EventCountry "ESP"]
[Source "lmi"]
[SourceDate "2012.08.07"]

1. d4 Nf6 2. c4 d6 3. Nc3 Nbd7 4. e4 e5 5. d5 Nc5 6. f3 a5 7. Be3 Be7 8. Nge2
Nh5 9. g4 Bh4+ 10. Kd2 Nf4 11. Nxf4 exf4 12. Bxf4 Qf6 13. Be3 Bd7 14. Kc2 a4
15. Be2 Qe7 16. Qd2 Bf6 17. Rad1 a3 18. b3 O-O-O 19. g5 Be5 20. Bf4 h6 21. h4
Rde8 22. Bxe5 Qxe5 23. f4 Qe7 24. Bf3 f5 25. gxf6 Qxf6 26. Bg2 Rhf8 27. Rdf1
Nxe4 28. Nxe4 Bf5 29. Kd3 c5 30. dxc6 bxc6 31. Qa5 d5 32. cxd5 Rxe4 33. Bxe4
Bxe4+ 34. Kxe4 Qg6+ 35. Kd4 Rd8 36. Rc1 Qf6+ 37. Ke3 Re8+ 38. Kf3 1-0

[Event "7. Torneo de Promoción de Almansa 2012"]
[Site "Almansa ESP"]
[Date "2012.08.08"]
[Round "3.5"]
[White "Sos Andreu, Eric"]
[Black "Kovacevic, Slobodan"]
[Result "1/2-1/2"]
[WhiteElo "2165"]
[BlackElo "2300"]
[PlyCount "83"]
[EventDate "2012.08.07"]
[EventType "swiss"]
[EventRounds "9"]
[EventCountry "ESP"]
[Source "lmi"]
[SourceDate "2012.08.07"]

1. c4 c5 2. Nf3 Nf6 3. Nc3 e6 4. g3 b6 5. Bg2 Bb7 6. O-O a6 7. Re1 d6 8. e4 Qc7
9. d4 cxd4 10. Nxd4 Be7 11. Be3 Nbd7 12. f4 Rc8 13. g4 Nc5 14. Bf2 g6 15. Rc1
O-O 16. f5 exf5 17. exf5 Bxg2 18. Kxg2 Qb7+ 19. Kg1 Rfe8 20. Nc2 Nce4 21. Qf3
d5 22. Nxd5 Rxc4 23. b3 Qxd5 24. bxc4 Qxc4 25. Nd4 Qd5 26. Nc6 Bf8 27. Bd4 Bc5
28. Bxc5 bxc5 29. Na5 Qd4+ 30. Qe3 Qa4 31. Nb3 Qxa2 32. Nxc5 Nxg4 33. Qe2 Qxe2
34. Rxe2 gxf5 35. Nxa6 Kf8 36. Rf1 Nh6 37. Nb4 Rd8 38. Nc2 Nc3 39. Ref2 Ne4 40.
Re2 Nc3 41. Ref2 Ne4 42. Re2 1/2-1/2

[Event "7. Torneo de Promoción de Almansa 2012"]
[Site "Almansa ESP"]
[Date "2012.08.08"]
[Round "3.6"]
[White "Martin Duque, Jesus"]
[Black "Buendia Pinar, Alvaro"]
[Result "1-0"]
[WhiteElo "2245"]
[BlackElo "2032"]
[PlyCount "111"]
[EventDate "2012.08.07"]
[EventType "swiss"]
[EventRounds "9"]
[EventCountry "ESP"]
[Source "lmi"]
[SourceDate "2012.08.07"]

1. Nf3 d5 2. d4 c6 3. c4 e6 4. Nc3 dxc4 5. a4 Bb4 6. g3 Nf6 7. Bg2 Nd5 8. Qc2
b5 9. O-O Bxc3 10. bxc3 O-O 11. e4 Ne7 12. e5 Nd5 13. Ng5 g6 14. Ne4 a5 15.
axb5 cxb5 16. Bg5 f6 17. Nxf6+ Kh8 18. Nxh7 Qe8 19. Nxf8 Kg7 20. Nxg6 Qxg6 21.
Bf6+ Kf7 22. Qxg6+ Kxg6 23. Be4+ Kf7 24. Bxd5 exd5 25. f4 Bf5 26. g4 Bxg4 27.
f5 Nc6 28. Rf4 Rg8 29. Kf2 b4 30. cxb4 Nxb4 31. Rxa5 Nd3+ 32. Ke3 Nxf4 33. Kxf4
c3 34. Ra7+ Ke8 35. Ra8+ Kd7 36. e6+ Kc7 37. Ra3 Be2 38. Rxc3+ Bc4 39. Rg3 Ra8
40. Be5+ Kc6 41. f6 Ra1 42. f7 Be2 43. f8=R Rf1+ 44. Kg5 Rxf8 45. e7 Re8 46.
Kf6 Kd7 47. Ra3 Bh5 48. Ra7+ Kc8 49. Rc7+ Kb8 50. Rc5+ Kb7 51. Rxd5 Rg8 52. Rd8
Be8 53. d5 Rg6+ 54. Kf5 Rg8 55. Rb8+ Ka7 56. Rxe8 1-0

[Event "7. Torneo de Promoción de Almansa 2012"]
[Site "Almansa ESP"]
[Date "2012.08.08"]
[Round "3.7"]
[White "Pena Riasco, Alexander"]
[Black "Arias Igual, Alejandro"]
[Result "1-0"]
[WhiteElo "2237"]
[BlackElo "2150"]
[PlyCount "139"]
[EventDate "2012.08.07"]
[EventType "swiss"]
[EventRounds "9"]
[EventCountry "ESP"]
[Source "lmi"]
[SourceDate "2012.08.07"]

1. e4 c5 2. Nf3 Nc6 3. d4 cxd4 4. Nxd4 g6 5. Nc3 Bg7 6. Be3 Nf6 7. Nxc6 bxc6 8.
Bc4 O-O 9. O-O d6 10. Be2 Rb8 11. Rb1 Qc7 12. f4 Rd8 13. Qe1 Ng4 14. Bxg4 Bxg4
15. f5 d5 16. Bf4 Qb6+ 17. Kh1 Rb7 18. h3 Bxc3 19. Qxc3 Be2 20. Rfe1 d4 21. Qg3
d3 22. cxd3 Bxd3 23. Rbd1 Rbd7 24. b3 Qc5 25. Rd2 Qb4 26. Red1 Qxe4 27. Bc7 Rc8
28. Ba5 Qxf5 29. b4 Rd5 30. Rxd3 f6 31. Qf3 Qxf3 32. gxf3 Kf7 33. Rxd5 cxd5 34.
Rxd5 Rc2 35. Rd7 a6 36. Ra7 Rxa2 37. Rxa6 Rb2 38. Kg1 h5 39. h4 Ke8 40. Ra8+
Kf7 41. Rb8 Ke6 42. Bd8 Kd7 43. b5 g5 44. hxg5 fxg5 45. b6 g4 46. fxg4 hxg4 47.
Bc7 Kc6 48. Rg8 Rb4 49. Kg2 Kb7 50. Kg3 Rb1 51. Rxg4 Ka6 52. Re4 Rf1 53. Rxe7
Rf5 54. Kg4 Rf1 55. Re3 Kb7 56. Rf3 Rd1 57. Kf4 Kc6 58. Ke4 Kb7 59. Rb3 Re1+
60. Kf5 Rf1+ 61. Bf4 Rd1 62. Be3 Rf1+ 63. Ke4 Rh1 64. Ra3 Rb1 65. Ra7+ Kc8 66.
Rh7 Rb4+ 67. Bd4 Kb8 68. Kd3 Kc8 69. Kc3 Ra4 70. Bc5 1-0

[Event "7. Torneo de Promoción de Almansa 2012"]
[Site "Almansa ESP"]
[Date "2012.08.08"]
[Round "3.8"]
[White "Serna Lara, Sergio"]
[Black "Leon Acosta, Miguel"]
[Result "1/2-1/2"]
[WhiteElo "2234"]
[BlackElo "1985"]
[PlyCount "58"]
[EventDate "2012.08.07"]
[EventType "swiss"]
[EventRounds "9"]
[EventCountry "ESP"]
[Source "lmi"]
[SourceDate "2012.08.07"]

1. d4 Nf6 2. c4 e6 3. Nc3 Bb4 4. Qc2 b6 5. e4 Bxc3+ 6. bxc3 Bb7 7. Bd3 d6 8.
Ne2 Nbd7 9. O-O e5 10. f4 exf4 11. Bxf4 Nh5 12. Bd2 Qe7 13. a4 a5 14. Rab1
O-O-O 15. Rbe1 Rde8 16. Nf4 Nxf4 17. Bxf4 g5 18. Bc1 f6 19. c5 dxc5 20. Ba3 Qe6
21. dxc5 Ne5 22. Bb5 Rd8 23. cxb6 cxb6 24. Qe2 Kb8 25. Rb1 Ka7 26. c4 Rd4 27.
Qf2 Rd3 28. Bc1 Ng4 29. Qf5 Qxe4 1/2-1/2

[Event "7. Torneo de Promoción de Almansa 2012"]
[Site "Almansa ESP"]
[Date "2012.08.08"]
[Round "3.9"]
[White "Lara Granero, Bio"]
[Black "Vega Gomez, Francisco B"]
[Result "1/2-1/2"]
[WhiteElo "2045"]
[BlackElo "2225"]
[PlyCount "124"]
[EventDate "2012.08.07"]
[EventType "swiss"]
[EventRounds "9"]
[EventCountry "ESP"]
[Source "lmi"]
[SourceDate "2012.08.07"]

1. Nf3 d5 2. d4 Nf6 3. Bg5 Bf5 4. Bxf6 exf6 5. Nbd2 Be7 6. e3 O-O 7. c4 c6 8.
Qb3 Qb6 9. Be2 Qxb3 10. axb3 Bb4 11. O-O a5 12. Rfc1 Rc8 13. Nf1 Be6 14. Ne1
Nd7 15. Nd3 Be7 16. Ng3 f5 17. Bf3 b6 18. Ne2 Nf6 19. Rc2 Ne4 20. Nef4 a4 21.
bxa4 dxc4 22. Ne5 b5 23. Nxe6 fxe6 24. Bxe4 fxe4 25. Rcc1 Bd6 26. f4 Bxe5 27.
fxe5 Ra5 28. axb5 Rxa1 29. Rxa1 cxb5 30. Kf2 b4 31. Ke2 c3 32. bxc3 Rxc3 33.
Kf2 b3 34. Ra8+ Kf7 35. Rb8 Rc2+ 36. Kg3 b2 37. h4 Kg6 38. Kf4 Rxg2 39. Kxe4
Rd2 40. Kf4 Kf7 41. Rb7+ Ke8 42. e4 Kd8 43. Ke3 Rh2 44. d5 Kc8 45. Rb5 Rh3+ 46.
Kd4 exd5 47. Kxd5 Rxh4 48. Rxb2 Rh1 49. e6 Rd1+ 50. Ke5 Kd8 51. Rb8+ Ke7 52.
Rb7+ Ke8 53. Rxg7 h5 54. Rh7 Ra1 55. Kf4 Rf1+ 56. Kg5 Re1 57. Rxh5 Rxe4 58. Kf5
Re1 59. Kf6 Rf1+ 60. Rf5 Rxf5+ 61. Kxf5 Ke7 62. Ke5 Ke8 1/2-1/2

[Event "7. Torneo de Promoción de Almansa 2012"]
[Site "Almansa ESP"]
[Date "2012.08.08"]
[Round "3.10"]
[White "Gil Quilez, David"]
[Black "Piriz Fernandez, Daniel"]
[Result "1/2-1/2"]
[WhiteElo "2179"]
[BlackElo "1971"]
[PlyCount "58"]
[EventDate "2012.08.07"]
[EventType "swiss"]
[EventRounds "9"]
[EventCountry "ESP"]
[Source "lmi"]
[SourceDate "2012.08.07"]

1. e4 e6 2. d4 d5 3. Nc3 Bb4 4. e5 c5 5. a3 Bxc3+ 6. bxc3 Qa5 7. Bd2 Qa4 8. Qb1
c4 9. g3 Nc6 10. f4 Nge7 11. Nf3 Bd7 12. Bh3 O-O-O 13. O-O h6 14. Qb2 Rdg8 15.
Rab1 b6 16. Rbe1 g6 17. Re2 Rg7 18. Qc1 Rgg8 19. Kh1 a6 20. Qb2 Kb7 21. g4 h5
22. Ng5 hxg4 23. Bxg4 Nd8 24. Rf3 Rh4 25. Rg2 Nec6 26. Be1 Rh6 27. Bd2 Rh4 28.
Be1 Rh6 29. Bd2 Rh4 1/2-1/2

[Event "7. Torneo de Promoción de Almansa 2012"]
[Site "Almansa ESP"]
[Date "2012.08.08"]
[Round "3.11"]
[White "Fernandez Barrera, Victor"]
[Black "Ontanon Gomez, Pablo"]
[Result "1-0"]
[WhiteElo "2316"]
[BlackElo "2107"]
[PlyCount "91"]
[EventDate "2012.08.07"]
[EventType "swiss"]
[EventRounds "9"]
[EventCountry "ESP"]
[Source "lmi"]
[SourceDate "2012.08.07"]

1. e4 c5 2. Nf3 Nc6 3. d4 cxd4 4. Nxd4 e5 5. Nb5 a6 6. Nd6+ Bxd6 7. Qxd6 Qf6 8.
Qxf6 Nxf6 9. Nc3 Nb4 10. Kd2 d6 11. a3 Nc6 12. f3 Be6 13. Bd3 O-O-O 14. Ke2 h6
15. Be3 Ne7 16. Na4 Nd7 17. c4 Kb8 18. Rac1 Nc6 19. b4 Rc8 20. Nb6 Nxb6 21.
Bxb6 Rhe8 22. Ke3 Ne7 23. c5 d5 24. b5 dxe4 25. fxe4 axb5 26. Bxb5 Nc6 27. Rhd1
Re7 28. Rd6 Nd4 29. Bd8 Rxd8 30. Rxd8+ Kc7 31. Re8 Rxe8 32. Bxe8 Bb3 33. Rc3
Be6 34. a4 Nc6 35. Bxc6 Kxc6 36. h4 Bg4 37. Rb3 Bd1 38. Rb6+ Kc7 39. a5 Bg4 40.
a6 bxa6 41. Rxa6 Be6 42. Rxe6 fxe6 43. Kd3 Kb7 44. Kc4 Ka6 45. h5 Ka5 46. g3
1-0

[Event "7. Torneo de Promoción de Almansa 2012"]
[Site "Almansa ESP"]
[Date "2012.08.08"]
[Round "3.12"]
[White "Varga, Mariano"]
[Black "Berrocal, Jorge"]
[Result "1-0"]
[WhiteElo "2103"]
[BlackElo "2240"]
[PlyCount "57"]
[EventDate "2012.08.07"]
[EventType "swiss"]
[EventRounds "9"]
[EventCountry "ESP"]
[Source "lmi"]
[SourceDate "2012.08.07"]

1. d4 g6 2. c4 Bg7 3. e4 d6 4. f4 c5 5. d5 Nf6 6. Nc3 O-O 7. Nf3 e6 8. Be2 exd5
9. cxd5 Re8 10. e5 dxe5 11. fxe5 Ng4 12. e6 fxe6 13. d6 Ne5 14. O-O Nf7 15. Ne4
Nd7 16. Nfg5 Nde5 17. Nxf7 Nxf7 18. Rxf7 Kxf7 19. Bg5 Bd4+ 20. Kh1 Qb6 21. Qd2
Bd7 22. Be7 Kg7 23. Rf1 Rf8 24. Bxf8+ Rxf8 25. Rxf8 Kxf8 26. Qf4+ Kg7 27. Qg5
Qa5 28. b4 Qb6 29. Qe7+ 1-0

[Event "7. Torneo de Promoción de Almansa 2012"]
[Site "Almansa ESP"]
[Date "2012.08.08"]
[Round "3.13"]
[White "Jimenez Almeida, Luis David"]
[Black "Sanchez Jerez, Emilio Miguel"]
[Result "0-1"]
[WhiteElo "2036"]
[BlackElo "2226"]
[PlyCount "74"]
[EventDate "2012.08.07"]
[EventType "swiss"]
[EventRounds "9"]
[EventCountry "ESP"]
[Source "lmi"]
[SourceDate "2012.08.07"]

1. d4 b5 2. e4 Bb7 3. Bd3 Nf6 4. Qe2 c5 5. c3 cxd4 6. cxd4 Nc6 7. Nf3 Nb4 8. e5
Nxd3+ 9. Qxd3 Nd5 10. Qxb5 Qc8 11. Bd2 e6 12. Na3 Ba6 13. Qb3 Bxa3 14. Rc1 Qd8
15. Qxa3 Qb6 16. Kd1 f6 17. Re1 Kf7 18. Kc2 Rab8 19. Kb1 Rb7 20. b3 Qb5 21. Ka1
Qd3 22. Rc5 Rhb8 23. exf6 gxf6 24. Rxd5 exd5 25. Qd6 Bc4 26. Re7+ Kg8 27. Qxf6
Qg6 28. Qxg6+ hxg6 29. Bf4 d6 30. Re6 Bxb3 31. Bxd6 Bc2 32. a4 Rb1+ 33. Ka2
R8b2+ 34. Ka3 Rb3+ 35. Ka2 R1b2+ 36. Ka1 Bb1 37. Re8+ Kf7 0-1

[Event "7. Torneo de Promoción de Almansa 2012"]
[Site "Almansa ESP"]
[Date "2012.08.08"]
[Round "3.14"]
[White "Cruz Gomez, Isidro"]
[Black "Navarrete Espi, Samuel"]
[Result "1/2-1/2"]
[WhiteElo "1993"]
[BlackElo "2176"]
[PlyCount "68"]
[EventDate "2012.08.07"]
[EventType "swiss"]
[EventRounds "9"]
[EventCountry "ESP"]
[Source "lmi"]
[SourceDate "2012.08.07"]

1. d4 Nf6 2. Nf3 g6 3. g3 Bg7 4. Bg2 O-O 5. c4 c6 6. O-O d5 7. cxd5 cxd5 8. Nc3
Ne4 9. Ne5 Nxc3 10. bxc3 Nc6 11. Nxc6 bxc6 12. Bf4 Bf5 13. Qd2 Qb6 14. Rfe1
Rfd8 15. e4 dxe4 16. Bxe4 Bxe4 17. Rxe4 e6 18. Qc2 c5 19. Be5 cxd4 20. cxd4
Rac8 21. Qe2 Bxe5 22. dxe5 Qa5 23. Qe3 Rc2 24. Rd4 Rb8 25. Qg5 Rc5 26. Re1 Qc3
27. Rdd1 Rd5 28. Rxd5 exd5 29. Rd1 d4 30. Qf6 Qc4 31. Kg2 Qd5+ 32. f3 Re8 33.
e6 Qxe6 34. Qxd4 Qxa2+ 1/2-1/2

[Event "7. Torneo de Promoción de Almansa 2012"]
[Site "Almansa ESP"]
[Date "2012.08.08"]
[Round "3.15"]
[White "Villasenor Rubio, Emilio Jose"]
[Black "Jordan Martinez, Miguel"]
[Result "1-0"]
[WhiteElo "2176"]
[BlackElo "2144"]
[PlyCount "87"]
[EventDate "2012.08.07"]
[EventType "swiss"]
[EventRounds "9"]
[EventCountry "ESP"]
[Source "lmi"]
[SourceDate "2012.08.07"]

1. d4 Nf6 2. c4 g6 3. Nc3 Bg7 4. e4 d6 5. Nf3 Bg4 6. Be2 O-O 7. Be3 Nfd7 8. O-O
c5 9. d5 Na6 10. h3 Bxf3 11. Bxf3 Nc7 12. Be2 a6 13. Qd2 Re8 14. a4 Rb8 15.
Rad1 Na8 16. f4 Qa5 17. Qc2 Qb4 18. Bd2 Bd4+ 19. Kh1 Qb6 20. Bd3 Qd8 21. e5
dxe5 22. f5 Nf8 23. Rf3 b5 24. axb5 axb5 25. Nxb5 Rxb5 26. cxb5 Nb6 27. Rdf1
Qxd5 28. Bh6 e4 29. Bxe4 Qc4 30. fxg6 Nxg6 31. Qxc4 Nxc4 32. Bd5 Nce5 33. Bxf7+
Nxf7 34. Rxf7 Bf6 35. R7xf6 exf6 36. Rxf6 Rb8 37. b6 Ne7 38. Bf4 Rb7 39. Bh6
Rb8 40. b7 Ng6 41. Rb6 Kf7 42. Be3 Ne5 43. Bxc5 Nc4 44. Rb4 1-0